Statystyki dla Aferyka pt2

Kliknij tutaj aby rozwiązać quiz!

Ogólne statystyki

  • Ten quiz został rozwiązany 4 razy
  • Średni wynik to 8 z 14

Statystyki odpowiedzi

HintOdpowiedź% Poprawnych
NigeriaAbudża
100%
MalawiLilongwe
75%
CzadNdżamena
75%
Wyspy Św TomaszaSao Tome
75%
KongoBrazzaville
50%
BotswanaGaborone
50%
AngolaLuanda
50%
LiberiaMonrovia
50%
MauretaniaNawakszut
50%
BeninPorto- Novo
50%
Burkina FasoWagadugu
50%
Sudan PŁDDżuba
25%
BurundiGitega
25%
KamerunJaunde
25%

Rozkład punktacji

Percentyl według liczby udzielonych odpowiedzi

Procent ludzi z każdym wynikiem

Twoja historia wyników

Nie rozwiązałeś tego quizu